000 00605nam a2200265Ia 4500
005 20260306164157.0
008 008 260114s9999 xx 000 0 eng d
020 _a9781452949307
037 _aEBOOK
040 _aCRL
040 _beng
040 _cCRL
041 _2eng
041 _aeng
084 _qCRL
100 _aShaviro
_9922194
245 4 _aThe Universe Of Things
260 _bUniversity of Minnesota Press
260 _c2015
650 _aPhilosophy
856 _uhttps://academic.oup.com/book/14264
942 _cEBOOK
999 _c1713057
_d1713057